LEADER 01944oam 22006014a 450 001 9910457712903321 005 20211004152652.0 010 $a1-57506-627-0 035 $a(CKB)2550000000051903 035 $a(OCoLC)775360904 035 $a(CaPaEBR)ebrary10495979 035 $a(SSID)ssj0000538384 035 $a(PQKBManifestationID)11364542 035 $a(PQKBTitleCode)TC0000538384 035 $a(PQKBWorkID)10559159 035 $a(PQKB)10498366 035 $a(MiAaPQ)EBC3155623 035 $a(Au-PeEL)EBL3155623 035 $a(CaPaEBR)ebr10495979 035 $a(OCoLC)922991738 035 $a(MdBmJHUP)musev2_80948 035 $a(EXLCZ)992550000000051903 100 $a20110111d2011 uy 0 101 0 $aeng 135 $aurcn||||||||| 181 $ctxt 182 $cc 183 $acr 200 14$aThe Land of Canaan and the Destiny of Israel$eTheologies of Territory in the Hebrew Bible /$fDavid Frankel 210 1$aWinona Lake, Ind :$cEisenbrauns,$d2011. 210 4$d©2011. 215 $a1 online resource (455 p.) 225 0 $aSiphrut : literature and theology of the Hebrew Scriptures ;$v4 300 $aBibliographic Level Mode of Issuance: Monograph 311 $a1-57506-202-X 320 $aIncludes bibliographical references and indexes. 410 0$aSiphrut ;$v4. 606 $aPalestine in the Bible$2fast$3(OCoLC)fst01051585 606 $aPalestine in Judaism$2fast$3(OCoLC)fst01051580 607 $aPalestine$xIn Judaism 607 $aPalestine$xIn the Bible 608 $aCriticism, interpretation, etc. 608 $aElectronic books. 615 0$aPalestine in the Bible. 615 0$aPalestine in Judaism. 676 $a221.9/1 700 $aFrankel$b David$0215283 801 0$bMdBmJHUP 801 1$bMdBmJHUP 906 $aBOOK 912 $a9910457712903321 996 $aThe Land of Canaan and the Destiny of Israel$92564886 997 $aUNINA LEADER 01743nas 2200637- 450 001 9910140861803321 005 20241221111124.0 011 $a2210-6359 035 $a(OCoLC)711684781 035 $a(CKB)2670000000062277 035 $a(CONSER)--2012243633 035 $a(MiFhGG)67QX 035 $a(DE-599)ZDB2666116-0 035 $a(EXLCZ)992670000000062277 100 $a20110406a20109999 --- - 101 0 $aeng 135 $aur||||||||||| 181 $ctxt$2rdacontent 182 $cc$2rdamedia 183 $acr$2rdacarrier 200 00$aIMA fungus 210 1$a[Berkeley, CA]$cInternational Mycological Association$d2010- 210 31$aLondon$cBioMed Central 300 $aGlobal mycological journal 300 $aRefereed/Peer-reviewed 311 08$a2210-6340 517 1 $aInternational Mycological Association fungus 531 10$aIMA Fungus 606 $aMycology$vPeriodicals 606 $aFungi$vPeriodicals 606 $aFungi$2fast$3(OCoLC)fst00936289 606 $aMycology$2fast$3(OCoLC)fst01031307 606 $aMicologia$2thub 606 $aFongs$2thub 606 $aMycology 606 $aFungi 606 $aMycologie$vPériodiques 606 $aChampignons$vPériodiques 608 $aPeriodicals.$2fast 608 $aRevistes electròniques$2thub 608 $aPeriodical. 615 0$aMycology 615 0$aFungi 615 7$aFungi. 615 7$aMycology. 615 7$aMicologia 615 7$aFongs 615 12$aMycology. 615 22$aFungi. 615 6$aMycologie 615 6$aChampignons 712 02$aInternational Mycological Association. 906 $aJOURNAL 912 $a9910140861803321 996 $aIMA fungus$92197368 997 $aUNINA